Statistiques concernant Régions du Maroc - Carte Quiz

Cliquez ici pour prendre le quiz!

Statistiques générales

  • Ce quiz a été pris 1 976 fois
  • Le résultat moyen est 5 sur 12

Réponses sur la Carte

Les réponses sont colorées sur une échelle allant du rouge au vert en fonction du pourcentage des utilisateurs qui les ont devinées à leur premier essai. Vous pouvez retrouver ces pourcentages ci-dessous.
 

Statistiques - réponses

Réponse% Correct
Tanger-Tétouan-Al Hoceïma
84%
Casablanca-Settat
60%
Fès-Meknès
59%
L'Oriental
56%
Rabat-Salé-Kénitra
52%
Dakhla-Oued Ed-Dahab
41%
Laâyoune-Sakia El Hamra
40%
Marrakech-Safi
39%
Béni Mellal-Khénifra
32%
Souss-Massa
29%
Drâa-Tafilalet
25%
Guelmim-Oued Noun
25%

Distribution des résultats

Percentile par nombre de réponses

% des personnes avec chaque résultat

Votre développement - résultats

Vous n’avez pas pris ce quiz